El rock en los desiertos: diez viñetas para Frank Zappa
Tallennettuna:
| Päätekijä: | |
|---|---|
| Aineistotyyppi: | Kirja |
| Kieli: | espanja |
| Julkaistu: |
Viña del Mar
Catálogo
2015
|
| Sarja: | Colección Banda Aparte
|
| Aiheet: | |
| Tagit: |
Lisää tagi
Ei tageja, Lisää ensimmäinen tagi!
|
MARC
| LEADER | 00000cam a2200000 a 4500 | ||
|---|---|---|---|
| 001 | UCD2549 | ||
| 003 | CL-VaPUC | ||
| 008 | 160428e20151000cl |||||||||||||||||spa|d | ||
| 020 | |a 9789569720017 | ||
| 082 | 0 | 4 | |a 781.66 |b ZUÑ |2 21 |
| 100 | 0 | |a Zúñiga, Rodrigo |e author |9 585906 | |
| 245 | 1 | 3 | |a El rock en los desiertos: diez viñetas para Frank Zappa |
| 300 | |a 77 p | ||
| 942 | |c BK | ||
| 945 | |d 20160428 21:50:00 |a arojas | ||
| 260 | |a Viña del Mar |b Catálogo |c 2015 | ||
| 650 | 7 | |a COMPOSITORES ESTADOUNIDENSES |2 CL-VaPUC |9 585907 | |
| 650 | 7 | |a ROCK |2 CL-VaPUC |9 409985 | |
| 583 | |a last modification |c 20160428 21:50:00 |k Rodrigo Vera | ||
| 490 | 0 | |a Colección Banda Aparte | |
| 999 | |c 363703 |d 363701 | ||
| 952 | |0 0 |1 0 |3 erb |4 0 |6 781_660000000000000_ZUÑ_2015 |7 0 |8 A |9 476359 |a BIBART |b BIBART |i 5284279 |o 781.66 ZUÑ 2015 |p 5284279 |r 2025-03-13 |w 2019-11-24 |y BK |z Catalogado en:20160428 |k ART | ||
| 952 | |0 0 |1 0 |3 erb |4 0 |6 781_660000000000000_ZUÑ_2015 |7 0 |8 A |9 476360 |a BIBART |b BIBART |i 528869K |o 781.66 ZUÑ 2015 |p 528869K |r 2025-03-13 |w 2019-11-24 |y BK |z Catalogado en:20160526 |k ART | ||